[Event "Minsk op"]
[Site "Minsk"]
[Date "2023.11.06"]
[Round "4"]
[White "Shimakov, Dmitriy"]
[Black "Rak, Mikhail"]
[Result "0-1"]
[WhiteElo "1352"]
[BlackElo "1800"]
[PlyCount "78"]
[EventDate "2023.11.03"]
[EventType "swiss"]
[EventRounds "9"]
[EventCountry "BLR"]
[SourceTitle "CBM 217 Extra"]
[Source "ChessBase"]
[SourceDate "2024.01.31"]
[SourceVersion "1"]
[SourceVersionDate "2024.01.31"]
[SourceQuality "1"]

1. e4 d5 2. exd5 Qxd5 3. Nc3 Qa5 4. d4 c6 5. Bc4 Nf6 6. Nge2 Bg4 7. 0-0 e6 8. f3 Bf5 9. Ng3 Bg6 10. Bf4 Be7 11. Re1 0-0 12. Kh1 Nbd7 13. a3 Nd5 14. Nxd5 cxd5 15. b4 Qd8 16. Bd3 Bxd3 17. Qxd3 Nb6 18. Re5 g6 19. Re2 Nc4 20. Nf1 Bd6 21. Bxd6 Nxd6 22. g4 Rc8 23. Ne3 Qf6 24. Rf1 Rc7 25. Rg2 Rfc8 26. g5 Qe7 27. Nd1 Nf5 28. Rg4 Rxc2 29. h4 Qd6 30. Rf2 R2c6 31. f4 Rc4 32. Ne3 Rc3 33. Qb5 Nxe3 34. Rg1 Qc6 35. Qa5 Qa6 36. Qxa6 bxa6 37. h5 Re8 38. Re2 Nf5 39. hxg6 Ng3+ 0-1

[Event "Minsk op"]
[Site "Minsk"]
[Date "2023.11.04"]
[Round "2"]
[White "Khakhlou, Arseni"]
[Black "Rak, Mikhail"]
[Result "0-1"]
[WhiteElo "1336"]
[BlackElo "1800"]
[PlyCount "76"]
[EventDate "2023.11.03"]
[EventType "swiss"]
[EventRounds "9"]
[EventCountry "BLR"]
[SourceTitle "CBM 217 Extra"]
[Source "ChessBase"]
[SourceDate "2024.01.31"]
[SourceVersion "1"]
[SourceVersionDate "2024.01.31"]
[SourceQuality "1"]

1. d4 Nf6 2. c4 e6 3. Nf3 c5 4. e3 d5 5. Nc3 cxd4 6. exd4 Nc6 7. Bg5 Be7 8. Bd3 h6 9. Bh4 0-0 10. 0-0 b6 11. Re1 Bb7 12. a3 Rc8 13. cxd5 Nxd5 14. Bxe7 Ncxe7 15. Rc1 Kh8 16. Ne5 Ng8 17. Qh5 Qf6 18. Nd7 Qxd4 19. Nxf8 Rxf8 20. Be4 Ngf6 21. Qf3 Nxe4 22. Qxe4 Qf6 23. Nb5 Qxb2 24. Rb1 Qf6 25. Nxa7 Ba8 26. Qc4 Qg5 27. g3 Qh5 28. Rb3 Qh3 29. Qh4 Qf5 30. Nb5 Nf6 31. Qd4 Bd5 32. Rd3 Ne4 33. f3 Ng5 34. Qb4 Qxd3 35. Qxf8+ Kh7 36. Qb4 Qxf3 37. Qb1+ Kh8 38. Qc2 Nh3# 0-1